Đỏ và đen Tập 2
.
Saved in:
| Main Author: | |
|---|---|
| Other Authors: | , |
| Format: | Book |
| Language: | Vietnamese |
| Published: |
H.
Văn học
1986
|
| Edition: | In lần thứ 2 |
| Subjects: | |
| Tags: |
Add Tag
No Tags, Be the first to tag this record!
|
| Institutions: | Mạng thư viện Đại học Đà Nẵng |
|---|
| LEADER | 01154nam a2200385 4500 | ||
|---|---|---|---|
| 001 | 000004734 | ||
| 003 | 875 | ||
| 005 | 20120411160429.0 | ||
| 008 | 110803s1986 viesd | ||
| 020 | |c 20000 | ||
| 041 | 0 | |a vie | |
| 082 | |a 843 |b ĐA-X | ||
| 100 | 0 | |a XTĂNG ĐAN | |
| 245 | 1 | 0 | |a Đỏ và đen |c XTĂNGĐAN |n Tập 2 |
| 250 | |a In lần thứ 2 | ||
| 260 | |a H. |b Văn học |c 1986 | ||
| 300 | |a 464 tr. |e 21cm | ||
| 520 | |a . | ||
| 653 | |a Văn học Pháp | ||
| 653 | |a Tiểu thuyết Pháp | ||
| 653 | |a XTĂNGĐAN | ||
| 700 | |a Tuấn Đô |e dịch | ||
| 700 | |a Trọng Đức |e giới thiệu | ||
| 773 | |t Đỏ và đen |w 872 | ||
| 910 | |a Thu Sương |d 3/8/2011 | ||
| OWN | |a LSP | ||
| AVA | |a UDN50 |b LSP |d 843 ĐA-X |e unavailable |t Error 5002 Not defined in file expand_doc_bib_avail. |f 1 |g 1 |h N |i 0 |k 1 | ||
| 999 | |a From the UDN01 | ||
| AVA | |a UDN50 |b LSP |d 843 ĐA-X |e unavailable |t Error 5002 Not defined in file expand_doc_bib_avail. |f 1 |g 1 |h N |i 0 |k 1 | ||
| TYP | |a Monograph | ||
| TYP | |a Printed language | ||
| 980 | |a Mạng thư viện Đại học Đà Nẵng | ||